<?xml version="1.0" encoding="UTF-8"?>
<collection xmlns="http://www.loc.gov/MARC21/slim">
 <record>
  <leader>01579nam a2200217Ia 4500</leader>
  <controlfield tag="001">CTU_132127</controlfield>
  <controlfield tag="008">210402s9999    xx            000 0 und d</controlfield>
  <datafield tag="020" ind1=" " ind2=" ">
   <subfield code="c">22000</subfield>
  </datafield>
  <datafield tag="082" ind1=" " ind2=" ">
   <subfield code="a">671.53</subfield>
  </datafield>
  <datafield tag="082" ind1=" " ind2=" ">
   <subfield code="b">L561</subfield>
  </datafield>
  <datafield tag="100" ind1=" " ind2=" ">
   <subfield code="a">Nguyễn, Tiến Lưỡng</subfield>
  </datafield>
  <datafield tag="245" ind1=" " ind2="0">
   <subfield code="a">Giáo trình cơ sở kỹ thuật cắt gọt kim loại :</subfield>
  </datafield>
  <datafield tag="245" ind1=" " ind2="0">
   <subfield code="b">Máy và dụng cụ cắt gọt kim loại - phạm vi ứng dụng (sách dùng cho các trường đào tạo hệ Trung học chuyên nghiệp)</subfield>
  </datafield>
  <datafield tag="245" ind1=" " ind2="0">
   <subfield code="c">Nguyễn Tiến Lưỡng (chủ biên), Trần Sỹ Tuý, Bùi Quý Lực</subfield>
  </datafield>
  <datafield tag="260" ind1=" " ind2=" ">
   <subfield code="a">Hà Nội</subfield>
  </datafield>
  <datafield tag="260" ind1=" " ind2=" ">
   <subfield code="b">Giáo dục</subfield>
  </datafield>
  <datafield tag="260" ind1=" " ind2=" ">
   <subfield code="c">2006</subfield>
  </datafield>
  <datafield tag="520" ind1=" " ind2=" ">
   <subfield code="a">Nội dung tài liệu gồm 12 chương: Chương 1/ Vật liệu dụng cụ cắt. Chương 2/ Thông số hình học phần cắt của dụng cụ. Chương 3/ Các cơ cấu chuyển động và điều khiển. Chương 4/ Đại cương về chuyển động học trong máy công cụ. Chương 5/ Máy tiện. Chương 6/ Máy khoan - máy doa - máy tổ hợp. Chương 7/ Máy phay. Chương 8/ Máy chuyển động thẳng. Chương 9/ Máy gia công ren và răng. Chương 10/ Máy mài. Chương 11/ Máy công cụ điều khiển số NC - CNC. Chương 12/ Các phương pháp gia công mới.</subfield>
  </datafield>
  <datafield tag="650" ind1=" " ind2=" ">
   <subfield code="a">Cắt gọt kim loại,Metal-cutting</subfield>
  </datafield>
  <datafield tag="904" ind1=" " ind2=" ">
   <subfield code="i">Quang Hiếu</subfield>
  </datafield>
  <datafield tag="980" ind1=" " ind2=" ">
   <subfield code="a">Trung tâm Học liệu Trường Đại học Cần Thơ</subfield>
  </datafield>
 </record>
</collection>
